Central Library OPAC University of Rajshahi

Mercantilism / (Record no. 2314)

MARC details
000 -LEADER
fixed length control field 01184nam a2200337 a 4500
001 - CONTROL NUMBER
control field 2314
003 - CONTROL NUMBER IDENTIFIER
rucl marc code BD-RjUL
005 - DATE AND TIME OF LATEST TRANSACTION
control field 20211208233525.0
008 - FIXED-LENGTH DATA ELEMENTS--GENERAL INFORMATION
fixed length control field 161005s19621955nyu b 001 0 eng
020 ## - INTERNATIONAL STANDARD BOOK NUMBER
International Standard Book Number 082405363X :
035 ## - SYSTEM CONTROL NUMBER
System control number (BD-RjUL)2341
040 ## - CATALOGING SOURCE
Original cataloging agency DLC
Transcribing agency DLC
Modifying agency DLC
-- (BD-RjUL
Language of cataloging eng
041 ## - LANGUAGE CODE
Language code of text/sound track or separate title eng
082 00 - DEWEY DECIMAL CLASSIFICATION NUMBER
Classification number 330.1513
Edition number 19
Author mark and year HEM 1962
100 1# - MAIN ENTRY--PERSONAL NAME
Personal name Heckscher, Eli F.
Fuller form of name (Eli Filip),
Dates associated with a name 1879-1952.
9 (RLIN) 7510
245 10 - TITLE STATEMENT
Title Mercantilism /
Statement of responsibility, etc. Eli F. Heckscher.[et al.]
250 ## - EDITION STATEMENT
Edition statement 2nd rev. ed.
260 ## - PUBLICATION, DISTRIBUTION, ETC. (IMPRINT)
Place of publication, distribution, etc. New York :
Name of publisher, distributor, etc. Garland Pub.,
Date of publication, distribution, etc. 1955 [Impression 1962]
300 ## - PHYSICAL DESCRIPTION
Pagination V. ;
Size 23 cm.
490 1# - SERIES STATEMENT
Series statement The World economy
500 ## - GENERAL NOTE
General note Translation of the German title: Merkantilismen; originally published in Swedish.
General note Reprint. Originally published: Rev. 2nd ed. London : Allen & Unwin ; New York : Macmillan, [1955, c1935]
504 ## - BIBLIOGRAPHY, ETC. NOTE
Bibliography, etc Includes bibliographical references and index.
505 0# - FORMATTED CONTENTS NOTE
Formatted contents note vol 1 -- v. 2 --
650 #0 - SUBJECT ADDED ENTRY--TOPICAL TERM
Topical term or geographic name as entry element Mercantile system.
9 (RLIN) 7511
700 ## - ADDED ENTRY--PERSONAL NAME
Personal name Shapiro, Mendel, Translated
Personal name Soderlund, E.F., Edited
830 #0 - SERIES ADDED ENTRY--UNIFORM TITLE
Uniform title World economy (New York, N.Y.)
942 ## - ADDED ENTRY ELEMENTS (KOHA)
Source of classification or shelving scheme Dewey Decimal Classification
Koha item type Books
Holdings
Lost status Source of classification or shelving scheme Damaged status Not for loan Collection code Permanent Location Current Location Shelving location Date acquired Source of acquisition Cost, normal purchase price Total Checkouts Full call number Date last seen Copy number Koha item type
  Dewey Decimal Classification     Non-fiction Central Library, University of Rajshahi Central Library, University of Rajshahi   03/06/1968 Zeittlinger 32.60   330.1513 HEM V-1 1962 11/12/2013 C-2 Books
  Dewey Decimal Classification   Not For Loan Non-fiction Central Library, University of Rajshahi Central Library, University of Rajshahi Reading Room 03/06/1968 Zitlinger 34.16   330.1513 HEM V-1 1962 11/12/2013 C-1 Books
  Dewey Decimal Classification     Non-fiction Central Library, University of Rajshahi Central Library, University of Rajshahi   03/06/1968 Zeetlinger 32.00   330.1513 HEM V-1 1962 16/06/2016 C-3 Books
  Dewey Decimal Classification     Non-fiction Central Library, University of Rajshahi Central Library, University of Rajshahi   03/06/1968 Zeetlinger 32.60   330.1513 HEM V-2 1962 18/06/2016 C-3 Books
  Dewey Decimal Classification     Non-fiction Central Library, University of Rajshahi Central Library, University of Rajshahi   03/06/1968 Zeetlinger 32.60   330.1513 HEM V-2 1962 18/06/2016 C-2 Books
  Dewey Decimal Classification     Non-fiction Central Library, University of Rajshahi Central Library, University of Rajshahi   27/12/2012 Publishers United 26.60   330.1513 HEM V-1 1955 05/10/2016 C-4 Books
  Dewey Decimal Classification     Non-fiction Central Library, University of Rajshahi Central Library, University of Rajshahi   27/12/1957 Publishers United 26.60   330.1513 HEM V-2 1955 05/10/2016 C-4 Books
  Dewey Decimal Classification     Non-fiction Central Library, University of Rajshahi Central Library, University of Rajshahi   27/12/1968 Publishers United 32.60   330.1513 HEM V-2 1962 05/10/2016 C-5 Books